African wildlife (Record no. 27048)

MARC details
000 -LEADER
fixed length control field 00477nam a2200181Ia 4500
020 ## - INTERNATIONAL STANDARD BOOK NUMBER
ISBN 9781559716680
050 ## - CALL MARK
Classification number TR 729. W54 .K73/
100 ## - STATEMENT OF RESPONSIBILITY--MAIN AUTHOR NAME
Personal name Krasemann, Stephen J.
245 #0 - TITLE STATEMENT
Title African wildlife
260 ## - PUBLICATION, DISTRIBUTION, ETC. (IMPRINT)
Place of publication Minnetonka
260 ## - PUBLICATION, DISTRIBUTION, ETC. (IMPRINT)
Name of publisher NorthWord Press
260 ## - PUBLICATION, DISTRIBUTION, ETC. (IMPRINT)
Year of publication 1998
300 ## - PHYSICAL DESCRIPTION
Number of Pages 159 p
650 ## - SUBJECT ADDED ENTRY--TOPICAL TERM
Topical Term Wildlife photography--Africa. Animals--Africa--Pictorial works.
942 ## - ADDED ENTRY ELEMENTS (KOHA)
Koha item type Books
Holdings
Withdrawn status Lost status Source of classification or shelving scheme Damaged status Not for loan Permanent Location Current Location Date acquired Full call number Accession Number Price effective from Koha item type
    Library of Congress Classification     NILE UNIVERSITY OF NIGERIA - MAIN LIBRARY NILE UNIVERSITY OF NIGERIA - MAIN LIBRARY 04/23/2025 TR 729. W54 .K73 0195024 04/23/2025 Books